Loading...
Shakespeare /
| Main Author: | |
|---|---|
| Format: | Printed Book |
| Published: |
London :
Penguin Books.
1970.
|
| Subjects: |
| LEADER | 00397cam a2200133ua 4500 | ||
|---|---|---|---|
| 082 | 1 | 4 | |a 822.33B |b BUR-S |
| 100 | 1 | |a Burges, Anthony . | |
| 245 | 1 | 0 | |a Shakespeare / |
| 260 | |a London : |b Penguin Books. |c 1970. | ||
| 300 | |a 272p. ; | ||
| 650 | 0 | |a Shakespear`s literature | |
| 942 | |c BK | ||
| 999 | |c 37745 |d 37745 | ||
| 952 | |0 0 |1 0 |4 0 |6 822_000000000000000_33B_BURS |7 0 |9 48336 |a KU |b KU |d 2015-07-05 |o 822.33B BUR-S |p EN06946 |y BK | ||